[Event "CCCSA GM Norm A 2019"]
[Site "Charlotte"]
[Date "2019.06.07"]
[Round "4.2"]
[White "Gauri, Shankar"]
[Black "Grigoryan, Karen H."]
[Result "0-1"]
[WhiteElo "2378"]
[BlackElo "2547"]
[Annotator "RC"]
[PlyCount "88"]
[EventDate "2019.06.05"]
[EventType "tourn"]
[EventCountry "USA"]
[SourceTitle "playchess.com"]
[Source "ChessBase"]
[SourceQuality "1"]
[TimeControl "5400+30"]

1. Nf3 {[%emt 0:06:13]} Nf6 {[%emt 0:00:52]} 2. c4 {[%emt 0:01:19]} e6 {[%emt 0:00:15]} 3. g3 {[%emt 0:00:37]} d5 {[%emt 0:00:25]} 4. d4 {[%emt 0:00:33]} dxc4 {[%emt 0:02:39]} 5. Bg2 {[%emt 0:00:29]} Nc6 {[%emt 0:00:53]} 6. Qa4 {[%emt 0:06:45]} Bb4+ {[%emt 0:00:43]} 7. Bd2 {[%emt 0:00:19]} Nd5 {[%emt 0:00:58]} 8. Bxb4 {[%emt 0:03:27]} Ndxb4 {[%emt 0:00:16]} 9. O-O {[%emt 0:13:46]} Rb8 {[%emt 0:07:12]} 10. Na3 {[%emt 0:09:52]} O-O {[%emt 0:01:21]} 11. Qb5 {[%emt 0:01:36]} b6 {[%emt 0:02:25]} 12. Qxc4 {[%emt 0:05:42]} Ba6 {[%emt 0:05:39]} 13. Nb5 {[%emt 0:45:52]} Qd5 {[%emt 0:01:55]} 14. Qxd5 {[%emt 0:00:00]} Nxd5 {[%emt 0:02:25]} 15. a4 {[%emt 0:00:00]} Na5 {[%emt 0:03:08]} 16. Ne5 {[%emt 0:00:00]} Rbd8 {[%emt 0:04:36]} 17. Bxd5 {[%emt 0:00:00]} Bxb5 {[%emt 0:04:18]} 18. Bf3 {[%emt 0:00:00]} Ba6 {[%emt 0:00:40]} 19. Rac1 {[%emt 0:00:00]} c5 {[%emt 0:12:14]} 20. dxc5 {[%emt 0:00:00]} Nb3 {[%emt 0:00:04]} 21. c6 {[%emt 0:00:00]} Nxc1 {[%emt 0:00:11]} 22. Rxc1 {[%emt 0:00:00]} f6 {[%emt 0:02:53]} 23. Nd7 {[%emt 0:00:00]} Rf7 {[%emt 0:01:58]} 24. a5 {[%emt 0:01:20]} bxa5 {[%emt 0:01:05]} 25. Nc5 {[%emt 0:03:08]} Bc8 {[%emt 0:00:32]} 26. Ra1 {[%emt 0:01:24]} e5 {[%emt 0:00:23]} 27. g4 {[%emt 0:00:29]} g6 {[%emt 0:04:22]} 28. Nb7 {[%emt 0:00:35]} Rd2 {[%emt 0:12:06]} 29. Rxa5 {[%emt 0:00:02]} Rc7 {[%emt 0:00:07]} 30. b4 {[%emt 0:00:39]} Rd1+ {[%emt 0:02:47]} 31. Kg2 {[%emt 0:00:01]} Rd4 {[%emt 0:00:06]} 32. Bd5+ {[%emt 0:01:02]} Kf8 {[%emt 0:02:45]} 33. e4 {[%emt 0:00:36]} Rxb4 {[%emt 0:04:42]} 34. Rxa7 {[%emt 0:00:01]} f5 {[%emt 0:01:08]} 35. Ra8 {[%emt 0:00:47]} Ke7 {[%emt 0:00:12]} 36. gxf5 {[%emt 0:00:53]} gxf5 {[%emt 0:00:02]} 37. exf5 {[%emt 0:00:29]} Rd4 {[%emt 0:01:01]} 38. f6+ {[%emt 0:00:20]} Kxf6 {[%emt 0:00:07]} 39. Ra5 {[%emt 0:00:42]} Rg7+ {[%emt 0:02:24]} 40. Kf3 {[%emt 0:00:16]} Rg1 {[%emt 0:00:09]} 41. Ke2 {[%emt 0:00:44]} Bh3 {[%emt 0:00:52]} 42. Nc5 {[%emt 0:00:31]} Rxd5 {[%emt 0:01:11]} 43. Ne4+ {[%emt 0:00:26]} Ke6 {[%emt 0:01:15]} 44. c7 {[%emt 0:00:33]} Bf1+ {[%emt 0:00:11]} 0-1

[Event "CCCSA GM Norm A 2019"]
[Site "Charlotte"]
[Date "2019.06.07"]
[Round "4.3"]
[White "Hong, Andrew"]
[Black "Jacobson, Brandon"]
[Result "1-0"]
[WhiteElo "2414"]
[BlackElo "2486"]
[Annotator "TA"]
[PlyCount "133"]
[EventDate "2019.06.05"]
[EventType "tourn"]
[EventCountry "USA"]
[SourceTitle "playchess.com"]
[Source "ChessBase"]
[SourceQuality "1"]

{[%evp 24,133,33,50,56,33,36,30,43,15,8,0,0,0,0,0,0,0,0,0,0,0,0,0,0,0,0,0,0,0,0,0,0,0,0,0,0,0,0,0,0,0,0,0,0,0,0,0,68,60,82,89,79,78,82,82,81,86,86,82,63,71,79,79,79,16,16,16,57,33,8,0,120,120,643,634,620,595,571,515,485,33,529,411,374,0,8,0,0,0,481,8,8,8,8,8,8,8,29951,12833,2369,8,29978,29979,29978,29979,29962,29975,29982,29983,29988,29989]} 1. e4 c5 2. Nf3 Nc6 3. d4 cxd4 4. Nxd4 Nf6 5. Nc3 d6 6. Bg5 e6 7. Qd2 a6 8. O-O-O Bd7 9. f4 Be7 10. Nf3 b5 11. Bxf6 gxf6 12. f5 Qb6 13. Kb1 h5 {B69: Sicilian: Richter-Rauzer: 7...a6 8 0-0-0 Bd7 9 f4 Be7 10 Nf3 b5 11 Bxf6} (13... O-O-O 14. g3 Na5 15. Bh3 Nc4 16. Qe2 Rhe8 17. Nd4 Bf8 18. Qh5 b4 19. fxe6 fxe6 20. Nce2 Kb8 21. Nf4 f5 22. exf5 Nxb2 23. Kxb2 {0-1 (75) Ragger,M (2701)-Salgado Lopez,I (2624) Germany 2018}) 14. g3 Ne5 {[%cal Bc6e5,Be5g4,Bg4h2][%mdl 32]} 15. Nd4 Rc8 {White has an edge.} 16. fxe6 $146 ({Predecessor:} 16. a3 Rb8 17. Na2 a5 18. c3 h4 19. gxh4 Nc4 20. Qe1 e5 21. Nc2 {0-1 (49) Lukas,N (2196)-Hitzegrad,J (2321) ICCF email 2012}) 16... fxe6 17. Bh3 Ng4 18. Rhf1 b4 19. Nce2 e5 20. Nf5 Nxh2 21. Nxd6+ ({Wrong is} 21. Nxe7 $2 Nxf1 22. Rxf1 (22. Qxd6 $2 Qxd6 23. Rxd6 Bxh3 $19) 22... Kxe7 $19) 21... Qxd6 22. Bxd7+ Kxd7 23. Qe1 Nxf1 24. Rxd6+ Bxd6 25. Qxf1 Ke7 26. a3 a5 27. axb4 axb4 28. Ng1 h4 29. gxh4 Rxh4 30. Nf3 Rg4 31. Qh3 Rcg8 32. Qh5 Ke6 33. Qh7 R4g7 34. Qf5+ Ke7 35. Nh4 {[#]} Rg1+ (35... b3 $1 $11 {[%mdl 512]} 36. cxb3 Bb4) 36. Ka2 $14 {[%mdl 1024] White has compensation.} Ra8+ 37. Kb3 Rg3+ 38. Kc4 Ra5 {aiming for ...Rc5+.} 39. Qc8 Rc5+ 40. Qxc5 $1 Bxc5 41. Nf5+ {[%mdl 64] Double Attack} Ke6 42. Nxg3 {[%mdl 4096] Endgame KB-KN} Bf2 43. Nf5 Be1 44. Kc5 (44. Kd3 $16 {And now Ke2 would win.} Bf2 45. b3) 44... Kf7 $11 45. Kd5 Kg6 46. Kc4 Kg5 47. Kd3 Kf4 (47... Bf2 $1 $11 {keeps the balance.}) 48. Ne3 $16 Kf3 $2 {[%mdl 8192]} (48... Kg5 $16 49. Nd5 f5) 49. Nd5 $18 Bh4 {intending ...f5.} 50. Nxb4 f5 51. exf5 e4+ 52. Kc4 $2 (52. Kd4 $1 $18) 52... e3 $2 {[%mdl 8192]} ({Better is} 52... Kg4 $1 $14) 53. Nd3 Ke4 54. b4 $2 ({White must play} 54. Nc1 $18) 54... Kxf5 55. Kd5 {Hoping for Nc1.} e2 56. b5 Kg4 $2 {[%mdl 8192] [#]} (56... Kf6 $11) 57. b6 $2 (57. Ke4 $1 $18 {Black must now prevent c4.} Bg3 58. c4) 57... Kf3 $11 58. b7 Bg3 59. Kd4 Bb8 60. c4 {Threatens to win with c5.} Bc7 $2 {[%mdl 8192]} (60... Bg3 $11 61. c5 Kg4) 61. c5 Bb8 {[#]} 62. c6 $2 ({White has to play} 62. Kd5 $1 $18 Bg3 63. c6) 62... Bc7 $2 {[%mdl 8192]} (62... Kg4 $11) 63. Kd5 {White mates.} Bg3 64. Ke6 Ke4 {[#]} 65. Ne1 $1 {[%mdl 576] Deflection, Promotion} Bxe1 66. b8=Q Ba5 67. Qe5+ {[%mdl 64] Double Attack. Accuracy: White = 54%, Black = 49%.} 1-0

[Event "CCCSA GM Norm A 2019"]
[Site "Charlotte"]
[Date "2019.06.07"]
[Round "4.4"]
[White "Zierk, Steven"]
[Black "Wang, Tianqi"]
[Result "1-0"]
[WhiteElo "2501"]
[BlackElo "2333"]
[Annotator "TA"]
[PlyCount "53"]
[EventDate "2019.06.05"]
[EventType "tourn"]
[EventCountry "USA"]
[SourceTitle "playchess.com"]
[Source "ChessBase"]
[SourceQuality "1"]

{[%evp 13,53,10,19,5,5,6,25,0,0,0,0,0,11,11,21,16,17,17,0,6,8,18,104,0,248,241,241,206,427,424,422,413,687,694,691,683,683,679,683,682,668,652]} 1. e4 e5 2. Nf3 Nc6 3. Bc4 Bc5 4. d3 Nf6 5. O-O d6 6. c3 O-O 7. a4 a5 8. Nbd2 {C54: Giuoco Piano: 4 c3 Nf6, main lines with 5 d4 and 5 d3} (8. Bg5 h6 9. Bh4 g5 10. Bg3 Kg7 11. Nbd2 Ba7 12. Re1 Nh7 13. Nf1 h5 14. h3 h4 15. Bh2 g4 16. hxg4 Bxg4 {0-1 (76) Mamedov,R (2701)-Azarov,S (2585) Skopje 2019}) 8... Ba7 9. Re1 Ne7 10. Nf1 {White has an edge.} c6 11. Ng3 Ng6 12. Bb3 h6 $146 ({Predecessor:} 12... Re8 13. h3 Be6 {1-0 (48) Ponizil,C (2487)-Jakab,B (2290) Slovakia 2019}) 13. h3 d5 14. exd5 Nxd5 15. d4 exd4 16. Nxd4 Be6 17. Bc2 {Hoping for Bxg6.} Ngf4 {[#]} (17... Ndf4 $11 {remains equal.}) 18. Ndf5 (18. Re4 $1 $16 g5 19. Nh5 Nxh5 20. Qxh5 Bxd4 21. Rxd4) 18... b5 $2 ({Reject} 18... Qb6 $6 19. Qf3 $16) (18... Re8 $1 $11 {and Black stays safe.}) 19. axb5 $18 cxb5 20. Qf3 $40 {[%mdl 128] White wants a kill.} Bb8 $2 (20... Qc7 21. Be4 Rae8 22. Bxd5 (22. Bxf4 Nxf4 23. Nxg7 Kxg7 $16) 22... Nxh3+ 23. gxh3 Bxd5) 21. Bxf4 Bxf4 {[#]} 22. Nxg7 $1 {[%mdl 576] Decoy} Kxg7 (22... Bxg3 $142 23. Qxg3 Qg5) 23. Nh5+ {[%mdl 64] Double Attack. White is clearly winning.} Kg8 {intending ...Qg5.} 24. Qe4 {[%csl Gc2][%cal Re4h7]} Re8 {White must now prevent ...Qg5.} 25. Qh7+ Kf8 {Threatening ...Qg5.} 26. Nxf4 Qf6 {[#]} 27. Rxe6 $1 {[%mdl 576] Remove Defender. Accuracy: White = 72%, Black = 37%.} 1-0

[Event "CCCSA GM Norm A 2019"]
[Site "Charlotte"]
[Date "2019.06.07"]
[Round "4.5"]
[White "Ostrovskiy, Aleksandr"]
[Black "Korley, Kassa"]
[Result "1-0"]
[WhiteElo "2437"]
[BlackElo "2430"]
[Annotator "TA"]
[PlyCount "237"]
[EventDate "2019.06.05"]
[EventType "tourn"]
[EventCountry "USA"]
[SourceTitle "playchess.com"]
[Source "ChessBase"]
[SourceQuality "1"]

{[%evp 14,241,5,-3,22,30,41,49,64,62,66,51,57,55,63,0,0,0,0,0,23,-28,0,-50,-31,-54,-48,-50,0,-14,-19,-16,40,21,86,87,103,101,97,97,104,99,101,110,135,135,181,179,162,146,198,197,191,197,239,238,235,0,222,0,228,235,208,232,288,287,282,259,349,357,425,423,293,199,226,213,218,169,334,330,444,283,284,0,327,0,276,279,282,0,240,0,279,112,112,112,112,112,117,112,112,112,119,119,286,285,278,265,466,445,524,524,509,404,390,379,493,471,498,462,564,481,461,0,328,0,359,355,361,351,573,547,510,432,5051,819,819,816,791,783,761,705,657,183,195,46,356,331,613,588,588,588,1522,1454,1553,1528,1406,1020,12781,12747,12636,12679,12343,11884,11039,9849,29963,9396,8777,7493,5811,0,5746,5625,880,0,5652,613,5625,5509,5221,571,5221,5221,4890,4337,2633,2716,1774,1489,1056,71,564,0,564,550,29968,29969,29969,29970,29969,29967,29969,29967,29966,0,29953,0,29966,29967,29965,29967,29970,29967,29969,29965,12797,12797,12797,12797,29984,29985,29990,29991,29991,29984,29992,29993,29993,29987]} 1. e4 c6 2. d4 d5 3. e5 Bf5 4. h4 h5 5. c4 e6 6. Nc3 dxc4 7. Bxc4 Nd7 8. Nge2 Qc7 {B12: Caro-Kann: Advance Variation} (8... Nb6 9. Bb3 Be7 10. Ng3 Bg6 11. Be3 Nh6 12. Nxh5 Nf5 13. Nf4 Rxh4 14. Rxh4 Bxh4 15. Kf1 Bg5 16. Qf3 Bxf4 17. Qxf4 {½-½ (38) Ter Sahakyan,S (2553)-Wang,Y (2690) chess.com INT 2018}) 9. Ng3 g6 $146 ({Predecessor:} 9... Bg6 10. Bg5 Be7 11. f4 O-O-O 12. f5 Bxg5 13. fxg6 Nxe5 14. Bxe6+ fxe6 15. hxg5 Nxg6 {0-1 (40) Bertagnolli,A (2372)-Postny,E (2569) Antalya 2017}) 10. Bg5 Nb6 {White is slightly better.} 11. Bb3 Be7 12. Rc1 O-O-O 13. Nb5 Qd7 14. Bxe7 (14. Nxa7+ Kb8 $17) (14. Nd6+ $14 Bxd6 15. exd6) 14... Qxe7 $11 15. Nd6+ Kb8 16. Qd2 Nc8 17. Ndxf5 (17. Nxc8 $142 Rxc8 18. f3 (18. Nxf5 gxf5 19. g3 Qd7 $11)) 17... gxf5 18. Bd1 f6 {Hoping for ...fxe5.} 19. f4 ({Of course not} 19. Nxh5 fxe5 20. Qe2 Qb4+ 21. Kf1 e4 $17) 19... fxe5 20. fxe5 Rd7 21. Bf3 ({Much worse is} 21. Nxh5 Qd8 $17) 21... Qd8 22. Rd1 Nb6 (22... Rdh7 $11) 23. Nxh5 $14 c5 (23... Rdh7 $11 {remains equal.}) 24. Qg5 $1 $16 cxd4 25. Qxd8+ Rxd8 26. Nf4 Rh6 27. b3 Ne7 28. Kf2 a5 29. Rd2 Nc6 30. Bxc6 $1 bxc6 31. Rc1 $1 Rxh4 (31... Re8 $16 {was worth a try.}) 32. Nxe6 $18 Rd5 33. Rxc6 Kb7 34. Rc7+ Kb8 35. Rc6 Kb7 $1 {[%cal Rb7c6]} 36. Rc7+ Kb8 $1 37. Rc5 Rxc5 38. Nxc5 {[%mdl 4096] Endgame KRN-KRN} Nd5 39. Ne6 $1 Re4 40. Nxd4 Ne7 41. Nf3 Kc7 42. Rd4 Kc6 43. Rd6+ Kc5 44. a3 Nd5 45. Rd8 f4 $2 (45... Ne3 46. Rc8+ Kb6) 46. Ra8 Kb6 47. Rb8+ Kc6 48. Ra8 $2 ({White should play} 48. Rc8+ $18 Nc7 49. Rd8) 48... Kb5 $2 {[%mdl 8192]} (48... Kb6 $1 $11 {and Black has nothing to worry.}) 49. Rb8+ Kc6 $1 50. Rc8+ Kb5 51. Rd8 Kc5 52. Rc8+ Kb5 53. g3 (53. a4+ $18 {has better winning chances.} Kb4 54. Rb8+ Kc5 55. Rb5+ {[%mdl 64] Double Attack} Kc6 56. Rxa5) 53... fxg3+ $16 54. Kxg3 Ne7 55. Rb8+ Kc5 56. Ra8 Nc6 57. Kf2 Kb5 58. Rh8 a4 $2 (58... Kc5 $16 59. Rh5 Kd5) 59. b4 $1 $18 Kb6 60. Rh6 Kb5 $2 (60... Kb7 {was called for.} 61. e6 Ne7) 61. Rd6 Kb6 62. Nd2 Rh4 63. Ke3 Kc7 64. Rd5 Rh1 65. Nc4 Rh3+ 66. Kd2 Rh4 67. Kc3 Rh3+ 68. Kd2 $2 (68. Kc2 $18) 68... Rh2+ $2 {[%mdl 8192]} (68... Rh4 $1 $11 {and Black stays safe.}) 69. Ke3 Rh3+ 70. Kf2 Ne7 71. Rc5+ Kd7 $2 (71... Kb7 72. Ra5 Rh4 73. Nd6+ Kc6 74. Rxa4 Kd5 75. Ra5+ Ke6) 72. b5 Rb3 73. b6 Nc8 {[#]} (73... Ke6 $142 74. Ke2 Nf5) 74. b7 (74. e6+ $142 $1 Kd8 (74... Kxe6 75. Rxc8) 75. Rc7 Nxb6 76. e7+ Kxc7 77. e8=Q Nxc4 78. Qf7+ {[%mdl 64] Double Attack} Kb6 79. Qxc4) 74... Rxb7 {[#]} 75. e6+ $1 {[%mdl 576] Deflection} Kxe6 76. Rxc8 {KRN-KR} Kd5 77. Ne3+ Kd4 78. Ra8 $2 (78. Ke2 {aiming for Rc4+.} Ra7 79. Rc4+ Ke5 80. Nd1) 78... Kd3 {intending ...Rf7+.} 79. Nd5 ({Better is} 79. Rd8+ $18 Kc3 80. Ke2) 79... Rf7+ $2 {[%mdl 8192]} (79... Kc4 $1 $14) 80. Ke1 Kc4 $2 (80... Rf5 81. Nb4+ (81. Rxa4 Rxd5 82. Kf2 Rf5+ 83. Kg2 Rc5 $11) 81... Ke3 82. Rxa4 Rh5) 81. Nb6+ {[%mdl 64] Double Attack} Kb3 82. Rxa4 Rf6 83. Ra6 Rd6 84. Ke2 Rh6 85. Kd3 Rd6+ 86. Ke4 Rh6 87. Kd5 Rh5+ 88. Kc6 Rh6+ 89. Kc5 Rg6 90. Ra8 (90. a4 $142 Rg2 91. a5 Rc2+ 92. Kb5 Kc3 93. Ra8 Rb2+ 94. Kc6 Rg2 95. a6) 90... Rg5+ 91. Kc6 Rg6+ 92. Kc5 Rg5+ $1 93. Nd5 Rg4 94. Nb6 Rg5+ $1 95. Kd4 Rg4+ 96. Ke5 Rg5+ 97. Kf4 Rg6 98. Nd7 Rd6 99. Ra7 Rd1 100. Ke5 Kc4 101. Ke6 Kb5 102. Rb7+ $2 (102. a4+ $18 {and the rest is easy.} Kc6 103. Ra6+ Kc7 104. a5) 102... Kc6 $2 {[%mdl 8192] [#]} (102... Ka4 $16 {is more resistant.}) 103. Rb6+ $1 Kc7 {[#]} 104. Ra6 $1 Kb7 105. Nc5+ Kc7 106. a4 Rd2 107. Ke5 Rd1 108. Ne6+ Kb7 109. Nc5+ Kc7 110. Ne6+ Kb7 $1 111. Rd6 Ra1 112. Kd5 Rd1+ 113. Kc5 Rc1+ 114. Kb5 Rb1+ 115. Ka5 Re1 116. Rb6+ Ka7 117. Nd4 {White mates.} Re5+ 118. Nb5+ Ka8 {[#]} 119. Ka6 {Played: Rb6-e6} 1-0

[Event "CCCSA GM Norm A 2019"]
[Site "Charlotte"]
[Date "2019.06.08"]
[Round "5.1"]
[White "Jacobson, Brandon"]
[Black "Ringoir, Tanguy"]
[Result "0-1"]
[WhiteElo "2486"]
[BlackElo "2500"]
[Annotator "RC"]
[PlyCount "104"]
[EventDate "2019.06.05"]
[EventType "tourn"]
[EventCountry "USA"]
[SourceTitle "playchess.com"]
[Source "ChessBase"]
[SourceQuality "1"]
[TimeControl "5400+30"]

1. c4 {[%emt 0:06:49]} e5 {[%emt 0:00:00]} 2. Nc3 {[%emt 0:00:13]} Bb4 {[%emt 0:00:00]} 3. Nd5 {[%emt 0:00:14]} Bc5 {[%emt 0:00:00]} 4. Nf3 {[%emt 0:00:17]} c6 {[%emt 0:00:09]} 5. Nc3 {[%emt 0:00:05]} d6 {[%emt 0:00:03]} 6. e3 {[%emt 0:00:06]} Qe7 {[%emt 0:00:04]} 7. d4 {[%emt 0:01:34]} exd4 {[%emt 0:00:06]} 8. Nxd4 {[%emt 0:00:05]} Nf6 {[%emt 0:00:04]} 9. Be2 {[%emt 0:00:04]} O-O {[%emt 0:00:04]} 10. O-O {[%emt 0:00:05]} d5 {[%emt 0:00:03]} 11. cxd5 {[%emt 0:00:06]} cxd5 {[%emt 0:00:04]} 12. b3 {[%emt 0:11:38]} Nc6 {[%emt 0:00:06]} 13. Nxc6 {[%emt 0:00:06]} bxc6 {[%emt 0:00:03]} 14. Bb2 {[%emt 0:00:07]} Bd6 {[%emt 0:00:03]} 15. Rc1 {[%emt 0:01:46]} Bd7 {[%emt 0:00:01]} 16. Bf3 {[%emt 0:03:42]} Rfe8 {[%emt 0:00:02]} 17. Re1 {[%emt 0:06:42]} h5 {[%emt 0:00:08]} 18. g3 {[%emt 0:17:25]} Ng4 {[%emt 0:00:27]} 19. Rc2 {[%emt 0:04:59]} Qg5 {[%emt 0:07:56]} 20. e4 {[%emt 0:12:47]} h4 {[%emt 0:03:44]} 21. exd5 {[%emt 0:03:55]} Nxh2 {[%emt 0:04:52]} 22. Ne4 {[%emt 0:09:37]} Nxf3+ {[%emt 0:42:09]} 23. Qxf3 {[%emt 0:00:03]} Qg6 {[%emt 0:00:05]} 24. Rce2 {[%emt 0:11:24]} Bf8 {[%emt 0:00:02]} 25. Qd3 {[%emt 0:04:27]} hxg3 {[%emt 0:09:21]} 26. Qxg3 {[%emt 0:00:04]} Qxg3+ {[%emt 0:00:34]} 27. Nxg3 {[%emt 0:00:11]} cxd5 {[%emt 0:00:06]} 28. Rxe8 {[%emt 0:00:23]} Rxe8 {[%emt 0:00:02]} 29. Rxe8 {[%emt 0:00:55]} Bxe8 {[%emt 0:00:01]} 30. Bd4 {[%emt 0:00:12]} a6 {[%emt 0:00:02]} 31. f3 {[%emt 0:03:40]} f6 {[%emt 0:00:10]} 32. Kf2 {[%emt 0:00:02]} Kf7 {[%emt 0:00:03]} 33. Ke3 {[%emt 0:00:23]} Ke6 {[%emt 0:00:02]} 34. Ne2 {[%emt 0:01:11]} g5 {[%emt 0:00:01]} 35. a4 {[%emt 0:01:21]} Bd6 {[%emt 0:04:03]} 36. Bc3 {[%emt 0:00:19]} Bd7 {[%emt 0:02:01]} 37. Bd4 {[%emt 0:00:19]} Be5 {[%emt 0:00:57]} 38. Bc5 {[%emt 0:00:49]} Kf5 {[%emt 0:00:44]} 39. Nd4+ {[%emt 0:00:44]} Kg6 {[%emt 0:00:01]} 40. Ne2 {[%emt 0:00:03]} Kh5 {[%emt 0:00:45]} 41. Bd4 {[%emt 0:00:37]} Kh4 {[%emt 0:05:33]} 42. Nc3 {[%emt 0:00:07]} Bxd4+ {[%emt 0:02:07]} 43. Kxd4 {[%emt 0:00:01]} Kg3 {[%emt 0:00:04]} 44. Nxd5 {[%emt 0:01:37]} f5 {[%emt 0:00:02]} 45. Nf6 {[%emt 0:00:32]} Bc8 {[%emt 0:09:57]} 46. Ke3 {[%emt 0:00:40]} a5 {[%emt 0:00:10]} 47. Nh7 {[%emt 0:00:31]} f4+ {[%emt 0:01:19]} 48. Kd2 {[%emt 0:00:24]} Kh4 {[%emt 0:00:22]} 49. Nf6 {[%emt 0:00:37]} Bb7 {[%emt 0:00:03]} 50. Nd7 {[%emt 0:00:30]} Bxf3 {[%emt 0:00:10]} 51. Ne5 {[%emt 0:00:27]} Bd5 {[%emt 0:00:40]} 52. Nc4 {[%emt 0:00:31]} g4 {[%emt 0:00:16]} 0-1

[Event "CCCSA GM Norm A 2019"]
[Site "Charlotte"]
[Date "2019.06.08"]
[Round "5.2"]
[White "Yoo, Christopher Woojin"]
[Black "Ostrovskiy, Aleksandr"]
[Result "0-1"]
[WhiteElo "2430"]
[BlackElo "2437"]
[Annotator "ChessBase"]
[PlyCount "190"]
[EventDate "2019.06.05"]
[EventType "tourn"]
[EventCountry "USA"]
[SourceTitle "playchess.com"]
[Source "ChessBase"]
[SourceQuality "1"]
[TimeControl "5400+30"]

1. e4 {[%emt 0:02:39]} c6 {[%emt 0:04:21]} 2. d4 {[%emt 0:00:07]} d5 {[%emt 0:00:18]} 3. e5 {[%emt 0:00:03]} c5 {[%emt 0:01:33]} 4. dxc5 {[%emt 0:00:07]} e6 {[%emt 0:00:07]} 5. a3 {[%emt 0:00:03]} Bxc5 {[%emt 0:03:07]} 6. b4 {[%emt 0:00:21]} Be7 {[%emt 0:01:07]} 7. Nf3 {[%emt 0:02:40]} a5 {[%emt 0:01:43]} 8. b5 {[%emt 0:00:19]} Nd7 {[%emt 0:00:34]} 9. Be2 {[%emt 0:13:07]} f6 {[%emt 0:02:39]} 10. exf6 {[%emt 0:06:03]} Bxf6 {[%emt 0:02:57]} 11. Ra2 {[%emt 0:01:11]} Qc7 {[%emt 0:19:32]} 12. c4 {[%emt 0:23:09]} Ne7 {[%emt 0:19:41]} 13. Rc2 {[%emt 0:08:01]} Nc5 {[%emt 0:02:33]} 14. cxd5 {[%emt 0:07:15]} Nxd5 {[%emt 0:07:02]} 15. Bc4 {[%emt 0:04:58]} b6 {[%emt 0:05:14]} 16. Bxd5 {[%emt 0:05:44]} exd5 {[%emt 0:00:13]} 17. O-O {[%emt 0:04:30]} O-O {[%emt 0:05:41]} 18. Qxd5+ {[%emt 0:06:37]} Be6 {[%emt 0:01:39]} 19. Rxc5 {[%emt 0:04:50]} Qe7 {[%emt 0:09:47]} 20. Qe4 {[%emt 0:03:31]} bxc5 {[%emt 0:00:05]} 21. Ng5 {[%emt 0:01:03]} Bxg5 {[%emt 0:00:28]} 22. Bxg5 {[%emt 0:00:21]} Qf7 {[%emt 0:05:28]} 23. Nd2 {[%emt 0:02:36]} Bd5 {[%emt 0:00:23]} 24. Qd3 {[%emt 0:01:13]} c4 {[%emt 0:01:11]} 25. Qg3 {[%emt 0:01:26]} Rac8 {[%emt 0:01:26]} 26. Nb1 {[%emt 0:00:08]} Rfe8 {[%emt 0:02:13]} 27. Nc3 {[%emt 0:00:14]} Bb7 {[%emt 0:00:20]} 28. f4 {[%emt 0:01:04]} Qf5 {[%emt 0:00:42]} 29. Rd1 {[%emt 0:00:23]} Qc5+ {[%emt 0:00:56]} 30. Qf2 {[%emt 0:00:28]} Qxa3 {[%emt 0:00:31]} 31. Qd4 {[%emt 0:00:35]} Qb2 {[%emt 0:00:56]} 32. Qd2 {[%emt 0:00:36]} Qxd2 {[%emt 0:00:44]} 33. Rxd2 {[%emt 0:00:05]} Re3 {[%emt 0:00:34]} 34. Rc2 {[%emt 0:00:16]} h6 {[%emt 0:00:37]} 35. Bh4 {[%emt 0:00:07]} Rd3 {[%emt 0:00:28]} 36. Kf2 {[%emt 0:00:43]} Re8 {[%emt 0:00:37]} 37. Na4 {[%emt 0:00:40]} c3 {[%emt 0:00:28]} 38. Rxc3 {[%emt 0:00:46]} Rd2+ {[%emt 0:00:16]} 39. Kg3 {[%emt 0:00:29]} Rxg2+ {[%emt 0:00:20]} 40. Kh3 {[%emt 0:00:04]} Rg1 {[%emt 0:00:53]} 41. Bg3 {[%emt 0:01:23]} Rb1 {[%emt 0:00:28]} 42. Rc5 {[%emt 0:00:08]} Bc8+ {[%emt 0:00:34]} 43. Kh4 {[%emt 0:00:52]} Bd7 {[%emt 0:00:30]} 44. Nc3 {[%emt 0:00:31]} Rb3 {[%emt 0:00:22]} 45. Bf2 {[%emt 0:00:29]} Rc8 {[%emt 0:00:35]} 46. Rd5 {[%emt 0:00:23]} Be6 {[%emt 0:00:32]} 47. Re5 {[%emt 0:00:13]} Rcxc3 {[%emt 0:00:30]} 48. Rxe6 {[%emt 0:00:05]} Rxb5 {[%emt 0:00:27]} 49. Bd4 {[%emt 0:00:18]} Rc4 {[%emt 0:00:25]} 50. Rd6 {[%emt 0:00:36]} Rbb4 {[%emt 0:00:36]} 51. Be5 {[%emt 0:00:19]} Rxf4+ {[%emt 0:00:25]} 52. Bxf4 {[%emt 0:00:06]} Rxf4+ {[%emt 0:00:01]} 53. Kg3 {[%emt 0:00:39]} Ra4 {[%emt 0:00:50]} 54. Ra6 {[%emt 0:00:35]} Kh7 {[%emt 0:00:24]} 55. h4 {[%emt 0:01:48]} h5 {[%emt 0:00:45]} 56. Kh3 {[%emt 0:00:17]} g6 {[%emt 0:00:25]} 57. Ra7+ {[%emt 0:00:33]} Kg8 {[%emt 0:00:05]} 58. Ra6 {[%emt 0:00:22]} Kf7 {[%emt 0:00:07]} 59. Ra7+ {[%emt 0:00:31]} Kf6 {[%emt 0:00:05]} 60. Ra8 {[%emt 0:00:09]} Ra3+ {[%emt 0:00:42]} 61. Kh2 {[%emt 0:00:30]} Kf5 {[%emt 0:00:12]} 62. Ra6 {[%emt 0:00:11]} Ra2+ {[%emt 0:01:11]} 63. Kg3 {[%emt 0:00:43]} Ra4 {[%emt 0:00:09]} 64. Kh3 {[%emt 0:00:05]} Ra1 {[%emt 0:00:33]} 65. Kh2 {[%emt 0:00:49]} Ra3 {[%emt 0:01:13]} 66. Kg2 {[%emt 0:00:10]} Ra1 {[%emt 0:00:36]} 67. Kh2 {[%emt 0:00:48]} g5 {[%emt 0:00:50]} 68. hxg5 {[%emt 0:00:25]} Kxg5 {[%emt 0:00:02]} 69. Ra8 {[%emt 0:00:44]} Ra2+ {[%emt 0:00:47]} 70. Kh3 {[%emt 0:00:20]} Ra1 {[%emt 0:00:25]} 71. Ra7 {[%emt 0:01:13]} a4 {[%emt 0:00:16]} 72. Ra5+ {[%emt 0:00:11]} Kf4 {[%emt 0:00:07]} 73. Kg2 {[%emt 0:00:34]} h4 {[%emt 0:00:26]} 74. Kh3 {[%emt 0:00:50]} a3 {[%emt 0:00:55]} 75. Ra8 {[%emt 0:00:28]} Ke4 {[%emt 0:01:00]} 76. Kg2 {[%emt 0:00:30]} Kd3 {[%emt 0:00:24]} 77. Rf8 {[%emt 0:00:36]} Re1 {[%emt 0:00:33]} 78. Ra8 {[%emt 0:00:22]} Re2+ {[%emt 0:00:31]} 79. Kf3 {[%emt 0:00:37]} Ra2 {[%emt 0:00:11]} 80. Rf8 {[%emt 0:00:32]} Kc3 {[%emt 0:00:53]} 81. Rc8+ {[%emt 0:00:28]} Kb2 {[%emt 0:00:29]} 82. Rb8+ {[%emt 0:00:30]} Ka1 {[%emt 0:00:31]} 83. Rb3 {[%emt 0:00:31]} h3 {[%emt 0:00:26]} 84. Re3 {[%emt 0:00:19]} h2 {[%emt 0:00:34]} 85. Re1+ {[%emt 0:00:05]} Kb2 {[%emt 0:00:04]} 86. Kg2 {[%emt 0:00:32]} h1=Q+ {[%emt 0:01:30]} 87. Rxh1 {[%emt 0:00:08]} Kb3+ {[%emt 0:00:00]} 88. Kf3 {[%emt 0:00:42]} Rb2 {[%emt 0:00:07]} 89. Re1 {[%emt 0:00:07]} a2 {[%emt 0:00:21]} 90. Re3+ {[%emt 0:00:04]} Ka4 {[%emt 0:00:24]} 91. Re7 {[%emt 0:00:12]} Rb3+ {[%emt 0:00:50]} 92. Ke2 {[%emt 0:00:34]} Ra3 {[%emt 0:00:11]} 93. Ra7+ {[%emt 0:00:24]} Kb4 {[%emt 0:00:07]} 94. Rb7+ {[%emt 0:00:04]} Kc5 {[%emt 0:00:09]} 95. Rc7+ {[%emt 0:00:05]} Kd6 {[%emt 0:00:10]} 0-1